| 000 | 01389nam a2200385Ii 4500 | ||
|---|---|---|---|
| 001 | DIGPOLIF0050 | ||
| 003 | NyNyDIG | ||
| 006 | m o d | ||
| 007 | cr ||||||||||| | ||
| 008 | 131001s2000 sp ab ob 001 0 spa d | ||
| 020 | _z9788486547530 | ||
| 020 | _z8486547539 | ||
| 035 | _a(OCoLC)974373271 | ||
| 040 |
_aDGITA _beng _epn _cDGITA |
||
| 043 | _ae-sp--- | ||
| 050 | 1 | 4 | _aDP43.2 eBook |
| 100 | 1 |
_aGarcía Pérez, Guillermo, _d1942- |
|
| 245 | 1 | 4 |
_aLas rutas del Cid : _bguía práctica y cultural para recorrer (andando, en coche, a caballo o en bicicleta) los caminos del Cantar de Myo Çid / _cGuillermo García Pérez. |
| 264 | 1 |
_aMadrid _bEdiciones Polifemo, _c2000. |
|
| 300 |
_a1 online resource (474 pages) : _bill., maps |
||
| 336 |
_atext _btxt _2rdacontent |
||
| 337 |
_acomputer _bc _2rdamedia |
||
| 338 |
_aonline resource _bcr _2rdacarrier |
||
| 504 | _aIncludes bibliographical references and index. | ||
| 651 | 0 |
_aSpain _vTours. |
|
| 630 | 0 | 0 | _aCantar de mío Cid. |
| 600 | 0 | 0 |
_aCid, _dapproximately 1043-1099 _xTravel _zSpain. |
| 630 | 0 | 0 | _aCid (Epic cycle). |
| 655 | 0 | _aElectronic books. | |
| 791 | 2 |
_aDigitalia (Firm), _edistributor. |
|
| 793 | 0 |
_gDigitalia eBook Collection: _aEdiciones Polifemo. |
|
| 856 | 4 | 0 |
_3Digitalia Hispánica _uhttps://www.digitaliapublishing.com/a/18914/ |
| 910 | _aPremium Collection: 2007-2012 | ||
| 942 | _cRAA | ||
| 999 |
_c236146 _d236146 |
||